| 000 | 00586npc a2200205Ia 4500 | ||
|---|---|---|---|
| 001 | dp5/2-279 [d000000173] | ||
| 003 | IT-MiCISF | ||
| 008 | 161014s9999||||xx | und|| | ||
| 040 |
_aIT-MiCISF _cIT-MiCISF |
||
| 041 | _ait | ||
| 100 | _aTomko Jozef | ||
| 245 | 0 | _aLa famiglia cristiana: una meditazione di fronte al sinodo dei vescovi 1980 | |
| 250 | _a1a ed. | ||
| 260 |
_a Roma _bCRIS documenti _c1980 |
||
| 300 | _ap. 27 | ||
| 500 | _a / pastorale-familiare, cristianesimo, magistero / | ||
| 650 | _apastorale-familiare | ||
| 942 | _cDD | ||
| 957 | _71 | ||
| 999 |
_a279 _bsi _g1 _c206509 _d206509 |
||